[Event "e2e4 Dublin Easter Masters"]
[Site "Dublin IRL"]
[Date "2012.04.09"]
[Round "8"]
[White "Ernst, Sipke"]
[Black "Valeanu, Eduard-Andrei"]
[Result "0-1"]
[WhiteTitle "GM"]
[WhiteElo "2578"]
[BlackElo "2461"]
[WhiteFideId "1004689"]
[BlackFideId "1212168"]
[EventDate "2012.04.05"]

1. d4 d6 2. Nf3 Bg4 3. e4 Nd7 4. Nc3 g6 5. Bg5 Bg7 6. Qd2 c5 7. d5 Ngf6 8. Ng1
Nb6 9. a4 O-O 10. h3 Bd7 11. Nf3 Qe8 12. Bb5 a6 13. Bxd7 Qxd7 14. O-O Nc4 15.
Qe2 b5 16. Ra2 h6 17. Bc1 Nb6 18. axb5 axb5 19. Rxa8 Rxa8 20. Nxb5 Nxe4 21. c4
f5 22. Nd2 Nf6 23. Re1 Kf8 24. Nc3 Ra1 25. Nf3 Ng8 26. Nb5 Kf7 27. Kh2 Bf6 28.
b3 Bg7 29. Qc2 Nxd5 30. Bxh6 Nxh6 31. Rxa1 Bxa1 32. Qd2 Kg7 33. Qxd5 Nf7 34. Qa8
Bf6 35. Qb8 e6 36. Qc7 Qd8 37. Qb7 Kf8 38. g3 Qe7 39. Qc8+ Qe8 40. Qa6 Qd7 41.
Qb6 Ke7 42. h4 Qd8 43. Qa6 Qb8 44. Kg1 Kd7 45. Kf1 Nd8 46. Ne1 Be7 47. Nd3 Qb7
48. Qa4 Qh1+ 49. Ke2 Qc6 50. Kd2 Ke8 51. Nf4 Kf7 52. Qa7 Qb7 53. Qa5 Nc6 54. Qa1
Ne5 55. Qd1 Qe4 56. Kc1 Nxc4 57. Nc7 e5 58. Nfd5 Na5 59. h5 Bg5+ 60. Kb2 Nc6 61.
f4 exf4 62. gxf4 Bh6 63. Nb5 Bg7+ 64. Ka3 Qg2 65. Nxd6+ Kg8 66. Nc4 Nb4 67. Ne7+
Kf7 68. Ka4 Bd4 69. Qe1 Qa2+ 70. Na3 Qxa3+ 71. Kxa3 Nc2+ 72. Ka4 Nxe1 73. Nxg6
Nd3 74. Kb5 Be3 75. Nh4 Bxf4 76. Nxf5 Kf6 77. Nh4 Kg5 78. Ng6 Bd6 79. Nh8 Ne5 0-1

[Event "e2e4 Dublin Easter Masters"]
[Site "Dublin IRL"]
[Date "2012.04.09"]
[Round "8"]
[White "Nemeth, Miklos1"]
[Black "Daly, Colm"]
[Result "1/2-1/2"]
[WhiteTitle "IM"]
[BlackTitle "FM"]
[WhiteElo "2452"]
[BlackElo "2285"]
[WhiteFideId "720232"]
[BlackFideId "2500434"]
[EventDate "2012.04.05"]

1. e4 e6 2. d4 d5 3. Nd2 Nf6 4. e5 Nfd7 5. f4 c5 6. Ngf3 Nc6 7. Nb3 Be7 8. Be2
c4 9. Nbd2 b5 10. Nf1 Nb6 11. Ne3 h5 12. O-O g6 13. Bd2 a5 14. c3 Kd7 15. b3 a4
16. Rb1 axb3 17. axb3 Kc7 18. Qc2 Bd7 19. Be1 Na5 20. b4 Nc6 21. g4 hxg4 22.
Nxg4 Ra3 23. Ng5 Bxg5 24. fxg5 Be8 25. Nf6 Ne7 26. Bg4 Nf5 27. Qd2 Na4 28. Rc1
Bc6 29. Bxf5 exf5 30. h4 Nb6 31. Bg3 Kb7 32. Rfe1 Bd7 33. Ra1 Rxa1 34. Rxa1 Be6
35. Ra5 Kc6 36. Qa2 Qb8 37. Ra6 Qb7 38. Qa5 Qxa6 39. Qxa6 Ra8 40. Qxa8+ Nxa8 41.
h5 gxh5 42. Nxh5 Nb6 43. Nf4 Kd7 44. g6 fxg6 45. Nxg6 Na4 46. Be1 Nb2 47. Kg2
Nd3 48. Bh4 Ke8 49. Bg5 Kf7 50. Nh4 Bd7 51. Kg3 Be6 52. Bf4 Ne1 53. Bd2 Nd3 54.
Nf3 Kg6 55. Ng5 Bd7 56. Nh3 Be6 57. Nf4+ Nxf4 1/2-1/2

[Event "e2e4 Dublin Easter Masters"]
[Site "Dublin IRL"]
[Date "2012.04.09"]
[Round "8"]
[White "Brady, Stephen"]
[Black "Bae, Torstein"]
[Result "0-1"]
[WhiteTitle "FM"]
[BlackTitle "IM"]
[WhiteElo "2383"]
[BlackElo "2413"]
[WhiteFideId "2500124"]
[BlackFideId "1501887"]
[EventDate "2012.04.05"]

1. e4 e5 2. Nf3 Nc6 3. Nc3 Nf6 4. Be2 d5 5. exd5 Nxd5 6. O-O Nxc3 7. bxc3 Bd6 8.
d4 O-O 9. Rb1 h6 10. dxe5 Nxe5 11. Nxe5 Bxe5 12. Ba3 Re8 13. Bf3 Qh4 14. g3 Qa4
15. Qc1 Bxc3 16. Bxb7 Bxb7 17. Rxb7 Qc6 18. Rb3 Re2 19. Bb2 Ba5 20. Qa1 f6 21.
Qd1 Rae8 22. Qd3 Rxc2 23. Bxf6 Bb6 24. Bd4 Rxa2 25. Bxb6 cxb6 26. Rc3 Qe4 27.
Qd7 Qe7 28. Qc6 Rf8 29. Rf3 Rxf3 30. Qxf3 Rd2 31. Rc1 Rd8 32. h4 Rf8 33. Qd3 Qf7
34. Rc2 a5 35. Qb5 Qf5 36. Qc4+ Kh8 37. Rb2 Rc8 38. Qe2 Qd5 39. Kh2 Qc5 40. Rb5
Qc6 41. Qb2 Qc2 42. Rxb6 Qxb2 43. Rxb2 a4 44. Ra2 Ra8 45. Ra3 Kg8 46. Kg2 Kf7
47. Kf3 Ke6 48. Ke4 Ra7 49. f3 Ra8 50. g4 h5 51. gxh5 Ra5 52. Kf4 Rxh5 53. Kg4
Ra5 54. h5 Kf6 55. f4 Ke6 56. f5+ Kf6 57. Rc3 a3 58. Rc6+ Ke7 59. Rc7+ Kd6 60.
Rc1 a2 61. Ra1 Ke7 0-1

[Event "e2e4 Dublin Easter Masters"]
[Site "Dublin IRL"]
[Date "2012.04.09"]
[Round "8"]
[White "Gourlay, Iain"]
[Black "Astaneh Lopez, Alex"]
[Result "0-1"]
[WhiteTitle "FM"]
[BlackTitle "IM"]
[WhiteElo "2351"]
[BlackElo "2400"]
[WhiteFideId "2401533"]
[BlackFideId "2501430"]
[EventDate "2012.04.05"]

1. Nf3 Nf6 2. g3 d5 3. c4 c6 4. Bg2 dxc4 5. Qc2 Qd5 6. Nc3 Qh5 7. Nd1 Bh3 8.
Bxh3 Qxh3 9. Qxc4 Qc8 10. d4 e6 11. Nc3 Nbd7 12. O-O Be7 13. Bd2 O-O 14. Rac1 b5
15. Qd3 Qb7 16. Ne4 Rfc8 17. Be3 Nxe4 18. Qxe4 Nf6 19. Qd3 Nd5 20. Ng5 Nf6 21.
Ne4 Nxe4 22. Qxe4 Qd7 23. Rc2 Qd5 24. Qxd5 cxd5 25. Rfc1 Rxc2 26. Rxc2 Bd8 27.
Kf1 Kf8 28. Ke1 Ke8 29. Kd2 g5 30. g4 Kd7 31. Rc1 Be7 32. Rf1 f6 33. f4 h6 34.
h3 a5 35. f5 a4 36. h4 exf5 37. Rxf5 Ke6 38. h5 b4 39. Kd3 Rb8 40. Bd2 b3 41.
axb3 Rxb3+ 42. Bc3 a3 43. Kc2 axb2 44. Rf1 b1=Q+ 45. Rxb1 Rxb1 46. Kxb1 f5 47.
Kc2 fxg4 48. Kd3 g3 49. Ke3 g4 50. Be1 Bh4 0-1

[Event "e2e4 Dublin Easter Masters"]
[Site "Dublin IRL"]
[Date "2012.04.09"]
[Round "8"]
[White "Wall, Gavin"]
[Black "Csonka, Attila Istvan"]
[Result "0-1"]
[WhiteTitle "IM"]
[BlackTitle "IM"]
[WhiteElo "2330"]
[BlackElo "2384"]
[WhiteFideId "2501244"]
[BlackFideId "716529"]
[EventDate "2012.04.05"]

1. e4 c5 2. Nf3 e6 3. c3 Nf6 4. e5 Nd5 5. Na3 Nc6 6. Nc4 b5 7. Nd6+ Bxd6 8. exd6
Qb6 9. d3 Na5 10. c4 Nf6 11. cxb5 Qxb5 12. d4 c4 13. Nd2 Ba6 14. b3 Qb6 15. Nxc4
Nxc4 16. bxc4 Bxc4 17. Bxc4 Qb4+ 18. Ke2 Qxc4+ 19. Qd3 Qd5 20. f3 O-O 21. Ba3
Rfe8 22. Rhb1 Qh5 23. h3 Nd5 24. Kf1 Qg5 25. Bc1 Qg3 26. Qa6 Rac8 27. Bd2 Rc2
28. Qd3 Qxg2+ 29. Kxg2 Nf4+ 30. Kf2 Nxd3+ 31. Ke3 Nb2 32. Bc1 Nd1+ 33. Kd3 Rec8
34. Rb7 f5 35. Bd2 Nb2+ 36. Ke2 Nc4 37. Rd1 Nxd6 38. Rxd7 Nb5 39. Rg1 g6 40. a4
Nc3+ 41. Kd3 Nxa4 42. Ra1 Nb2+ 43. Ke2 a5 44. Ke1 a4 45. h4 R2c7 46. Rd6 Kf7 47.
Bg5 Ra8 48. h5 Nc4 0-1

[Event "e2e4 Dublin Easter Masters"]
[Site "Dublin IRL"]
[Date "2012.04.09"]
[Round "8"]
[White "Quinn, Mark"]
[Black "McMahon, Daire"]
[Result "0-1"]
[WhiteTitle "IM"]
[BlackTitle "FM"]
[WhiteElo "2398"]
[BlackElo "2212"]
[WhiteFideId "2500450"]
[BlackFideId "2500477"]
[EventDate "2012.04.05"]

1. e4 e5 2. Nf3 Nc6 3. Bc4 Nf6 4. d3 Bc5 5. c3 a6 6. Bb3 Ba7 7. Nbd2 O-O 8. Nf1
d5 9. Qe2 Be6 10. Bg5 dxe4 11. dxe4 Qe7 12. Bd5 Qc5 13. Bxf6 gxf6 14. Ne3 Qb5
15. Bc4 Bxc4 16. Nxc4 f5 17. Nh4 fxe4 18. Nf5 Kh8 19. Qxe4 Nd4 20. Nfe3 Rae8 21.
a4 Qc6 22. Qxc6 Nxc6 23. Nd5 Rd8 24. Rd1 Rd7 25. Ke2 f5 26. f3 Rg7 27. g3 f4 28.
g4 e4 29. a5 b5 30. axb6 cxb6 31. h3 b5 32. Nd6 exf3+ 33. Kxf3 Ne5+ 34. Ke4 Nc4
35. Nxc4 bxc4 36. Kf3 Rd7 37. Nb4 Re7 38. Rhe1 Re3+ 39. Rxe3 fxe3+ 40. Ke2 a5
41. Nc6 Rf2+ 42. Ke1 Bb6 43. Rd5 Rxb2 44. Ne5 Bc7 45. Rc5 Bxe5 46. Rxe5 a4 47.
Ra5 Ra2 48. Ra7 a3 49. g5 Ra1+ 50. Ke2 a2 0-1

[Event "e2e4 Dublin Easter Masters"]
[Site "Dublin IRL"]
[Date "2012.04.09"]
[Round "8"]
[White "Firstov, Juri"]
[Black "Sowray, Peter J"]
[Result "0-1"]
[BlackTitle "FM"]
[WhiteElo "2264"]
[BlackElo "2375"]
[WhiteFideId "4501233"]
[BlackFideId "400971"]
[EventDate "2012.04.05"]

1. c4 e6 2. Nf3 Nf6 3. g3 d5 4. d4 Be7 5. Bg2 O-O 6. O-O dxc4 7. Ne5 Nc6 8. Nxc6
bxc6 9. Bxc6 Rb8 10. b3 cxb3 11. axb3 Bb7 12. Bxb7 Rxb7 13. Ba3 Bxa3 14. Rxa3
Qd6 15. Qd3 c5 16. Rd1 Rc8 17. dxc5 Qxc5 18. Qc3 Qxc3 19. Nxc3 Kf8 20. Rd3 Ke7
21. f3 Nd7 22. Ne4 Rc6 23. Ra2 f5 24. Nd2 Rc1+ 25. Kf2 Nc5 26. Rd4 h6 27. h4 g5
28. hxg5 hxg5 29. f4 gxf4 30. gxf4 Rd1 31. b4 Ne4+ 32. Ke3 Nc3 33. Rb2 Nd5+ 34.
Kf2 Rc7 35. Rc4 Rxc4 36. Nxc4 Rd4 37. Ne3 Nxb4 38. Kf3 a5 39. Nc2 Rd2 40. Rxb4
axb4 41. Nxb4 Kd6 42. Nd3 Kd5 43. Ke3 Rd1 44. Ne5 Ra1 45. Nf7 Rg1 46. Ne5 Rg3+
47. Kf2 Ra3 48. Nf7 Ra7 49. Ng5 Rg7 50. Kf3 e5 51. Nh3 e4+ 52. Kf2 Rg4 53. e3
Kc4 54. Ng5 Kd3 55. Ne6 Rg8 56. Nc5+ Kd2 57. Nb3+ Kd1 58. Nd4 Rf8 59. Ne6 Rf6
60. Nd4 Kd2 61. Nb3+ Kc3 62. Nd4 Kd3 63. Ne2 Rb6 64. Nd4 Rb2+ 65. Kg3 Kxe3 66.
Nxf5+ Kd3 67. Nh4 e3 68. Nf3 e2 69. Ne1+ Ke3 70. Ng2+ Kd2 71. f5 Rb8 72. Kf4 Rg8
73. Nh4 Rh8 74. Nf3+ Kd1 75. Kg4 Rh1 76. f6 Rf1 77. Kg3 Rxf3+ 0-1

[Event "e2e4 Dublin Easter Masters"]
[Site "Dublin IRL"]
[Date "2012.04.09"]
[Round "8"]
[White "Armstrong, Malcolm J"]
[Black "Eggleston, David J"]
[Result "0-1"]
[BlackTitle "FM"]
[WhiteElo "2026"]
[BlackElo "2327"]
[WhiteFideId "409049"]
[BlackFideId "412120"]
[EventDate "2012.04.05"]

1. d4 Nf6 2. Nf3 e6 3. e3 b6 4. Bd3 Bb7 5. c4 c5 6. O-O cxd4 7. exd4 Be7 8. Nc3
d5 9. cxd5 Nxd5 10. Ne5 O-O 11. Qf3 Nd7 12. Qh3 f5 13. Nxd5 Bxd5 14. Bf4 Nf6 15.
Rfd1 Rc8 16. b3 Ne4 17. Nc4 b5 18. Ne3 Nc3 19. Rd2 Bf6 20. Nxf5 exf5 21. Bxf5 g6
22. Bxc8 Qxc8 23. Qxc8 Rxc8 24. Re1 Kf7 25. f3 Be7 26. Rc2 b4 27. Re5 Bb7 28.
Ra5 a6 29. Be5 Nb5 30. Rxc8 Bxc8 31. d5 Bd8 32. Ra4 a5 0-1

[Event "e2e4 Dublin Easter Masters"]
[Site "Dublin IRL"]
[Date "2012.04.09"]
[Round "8"]
[White "Rudd, Jack"]
[Black "Fitzsimons, David"]
[Result "1/2-1/2"]
[WhiteTitle "IM"]
[WhiteElo "2303"]
[BlackElo "2257"]
[WhiteFideId "405736"]
[BlackFideId "2501961"]
[EventDate "2012.04.05"]

1. e4 c5 2. Nf3 Nc6 3. d4 cxd4 4. Nxd4 Nf6 5. Nc3 e5 6. Ndb5 d6 7. Bg5 a6 8. Na3
b5 9. Nd5 Be7 10. Bxf6 Bxf6 11. c3 O-O 12. Nc2 Bg5 13. Be2 Ne7 14. Ncb4 a5 15.
Nxe7+ Qxe7 16. Nd5 Qb7 17. Qd3 Rb8 18. h4 Bd8 19. g4 Be6 20. O-O-O b4 21. c4 Bb6
22. Nxb6 Qxb6 23. Qe3 Qxe3+ 24. fxe3 b3 25. Rxd6 Rfc8 26. axb3 a4 27. bxa4 Bxc4
28. Bxc4 Rxc4+ 29. Kb1 Rxa4 30. Rhd1 Kf8 31. Rd7 Rxe4 32. g5 Ke8 33. Ra7 Rxh4
34. Rdd7 Rh1+ 35. Kc2 Rf1 36. b3 Rf2+ 37. Kc3 Rf3 38. Re7+ Kf8 39. Rxe5 Re8 40.
Rxe8+ Kxe8 41. Kd4 Rf5 42. Ra8+ Kd7 43. Rh8 Rxg5 1/2-1/2

[Event "e2e4 Dublin Easter Masters"]
[Site "Dublin IRL"]
[Date "2012.04.09"]
[Round "8"]
[White "Short, Philip M"]
[Black "Salomon, Johan"]
[Result "1-0"]
[WhiteTitle "FM"]
[WhiteElo "2282"]
[BlackElo "1996"]
[WhiteFideId "2500086"]
[BlackFideId "1509500"]
[EventDate "2012.04.05"]

1. d4 Nf6 2. c4 c5 3. e3 cxd4 4. exd4 d5 5. Nc3 e6 6. Nf3 Be7 7. Bd3 O-O 8. O-O
dxc4 9. Bxc4 Nbd7 10. a3 Nb6 11. Ba2 Nbd5 12. Qd3 Re8 13. Ne5 g6 14. Qh3 Bf8 15.
Bg5 Bg7 16. Ng4 e5 17. Nxd5 Bxg4 18. Nxf6+ Bxf6 19. Bxf6 1-0

[Event "e2e4 Dublin Easter Masters"]
[Site "Dublin IRL"]
[Date "2012.04.09"]
[Round "8"]
[White "Redmond, John P."]
[Black "Longson, Alexander"]
[Result "0-1"]
[WhiteElo "2246"]
[BlackElo "2267"]
[WhiteFideId "2500051"]
[BlackFideId "408093"]
[EventDate "2012.04.05"]

1. c4 e6 2. Nf3 d5 3. g3 dxc4 4. Qa4+ Nd7 5. Bg2 a6 6. Qxc4 b5 7. Qb3 Bb7 8. O-O
Ngf6 9. d3 Be7 10. Nc3 O-O 11. a4 b4 12. Nb1 a5 13. Bg5 h6 14. Bxf6 Bxf6 15. Ne1
Nc5 16. Qc2 Bxg2 17. Nxg2 Qd4 18. Ne3 Qxb2 19. Qxb2 Bxb2 20. Ra2 Bf6 21. Nc4
Rfb8 22. Nbd2 b3 23. Ra3 Rb4 24. Rb1 b2 25. e4 Nxa4 26. e5 Be7 27. Rb3 Rab8 28.
Nxa5 Rxb3 29. Naxb3 Rb5 30. Kf1 Ba3 0-1

[Event "e2e4 Dublin Easter Masters"]
[Site "Dublin IRL"]
[Date "2012.04.09"]
[Round "8"]
[White "Harstad, Christian"]
[Black "Fox, Anthony"]
[Result "1/2-1/2"]
[WhiteElo "2029"]
[BlackElo "2115"]
[WhiteFideId "1504045"]
[BlackFideId "2500736"]
[EventDate "2012.04.05"]

1. d4 d5 2. c4 e6 3. Nc3 Nf6 4. Bg5 Be7 5. Nf3 O-O 6. e3 h6 7. Bh4 b6 8. Bxf6
Bxf6 9. cxd5 exd5 10. b4 c6 11. Qb3 Be6 12. Na4 Qd6 13. Be2 Nd7 14. Rc1 Be7 15.
b5 c5 16. Nc3 Rfd8 17. O-O Rac8 18. Rfd1 Bf6 19. Qa3 Qb8 20. h3 g6 21. Bd3 Bg7
22. Ne2 c4 23. Bc2 Bf8 24. Qb2 Bd6 25. Qc3 Re8 26. a4 Qc7 27. Ra1 Kh7 28. Ra2
Ra8 29. Rda1 a5 30. e4 Bb4 31. Qb2 Rac8 32. e5 Nf8 33. Qc1 Qd7 34. Ng3 Kg7 35.
Qf4 Be7 36. Re1 Nh7 37. Qe3 Ng5 38. Nh2 Nh7 39. f4 f5 40. Nf3 Rg8 41. Kh2 Rcf8
42. Ne2 Kf7 43. g3 Ke8 44. Raa1 Kd8 45. Nc3 Rf7 46. Nd2 Bb4 47. Nxc4 dxc4 48. d5
Bxc3 49. Qxc3 Bxd5 50. e6 Bxe6 51. Rad1 Re8 52. Rxd7+ Rxd7 53. Rd1 Rxd1 54. Bxd1
Nf8 55. Qd4+ Nd7 56. Be2 Bf7 57. Bxc4 Re4 58. Qh8+ Re8 59. Qc3 Bxc4 60. Qxc4 Re4
61. Qg8+ Kc7 62. Qxg6 Rxa4 63. Qxf5 Rc4 64. Qd3 Rc5 65. g4 a4 66. h4 Nf6 67. g5
hxg5 68. hxg5 Nd5 69. g6 Nxf4 70. Qe4 Nxg6 71. Qxa4 Rh5+ 72. Kg3 Rg5+ 73. Kf2
Rf5+ 74. Ke1 Re5+ 75. Kd1 Rd5+ 76. Kc1 Rd6 77. Qa7+ Kd8 78. Qb8+ Kd7 79. Qb7+
Ke6 80. Qc8+ Kd5 81. Qf5+ Kc4 82. Kc2 Ne7 83. Qe4+ Kxb5 84. Qxe7 Rc6+ 85. Kb3
Rc5 86. Qa7 Kc6 87. Qa8+ Kc7 88. Kb4 Ra5 89. Qe8 Rc5 90. Qe7+ Kc6 91. Qd8 Rb5+
92. Kc4 Rc5+ 93. Kd4 Kb7 94. Qe7+ Ka6 95. Qe2+ 1/2-1/2

[Event "e2e4 Dublin Easter Masters"]
[Site "Dublin IRL"]
[Date "2012.04.09"]
[Round "8"]
[White "Bjerke, Silje"]
[Black "Mihajlov, Sebastian"]
[Result "1/2-1/2"]
[WhiteTitle "WIM"]
[WhiteElo "2238"]
[BlackElo "2053"]
[WhiteFideId "1502786"]
[BlackFideId "1512110"]
[EventDate "2012.04.05"]

1. e4 e5 2. Nf3 Nc6 3. Bc4 Bc5 4. c3 Nf6 5. d3 O-O 6. b4 Be7 7. O-O d5 8. exd5
Nxd5 9. b5 Na5 10. Bxd5 Qxd5 11. c4 Qd6 12. Ba3 Qd8 13. Bxe7 Qxe7 14. Qe1 b6 15.
Nc3 Qd6 16. Nd5 c6 17. bxc6 Nxc6 18. Qe4 f6 19. Ne3 Be6 20. Nh4 Rad8 21. Rad1
Nd4 22. Nhf5 Qd7 23. Nxd4 Qxd4 24. Qc6 Qd6 25. Qa4 Rd7 26. Nc2 Qc5 27. Qb3 Rfd8
28. Ne3 f5 29. Rfe1 f4 30. Nf1 Bf5 31. Qb5 Qxb5 32. cxb5 Rd5 33. a4 Bxd3 34. Rc1
e4 35. Nd2 Rd4 36. a5 Rb4 37. Rc7 bxa5 38. Rxa7 Rxb5 39. h3 Re8 40. Rc1 Rg5 41.
Rd7 Be2 42. Nxe4 Rg6 43. Nd6 Rf8 44. Nc8 Rg5 45. Kh2 h5 46. f3 a4 47. Ra7 Rd8
48. h4 Rg3 49. Ne7+ Kh7 1/2-1/2

[Event "e2e4 Dublin Easter Masters"]
[Site "Dublin IRL"]
[Date "2012.04.09"]
[Round "8"]
[White "Bomans, Arno"]
[Black "Jackson, Carl"]
[Result "1-0"]
[WhiteElo "2228"]
[BlackElo "1982"]
[WhiteFideId "206024"]
[BlackFideId "2502585"]
[EventDate "2012.04.05"]

1. d4 Nf6 2. c4 c5 3. d5 b5 4. a4 b4 5. Nd2 d6 6. e4 g6 7. f4 Nbd7 8. Ngf3 Qc7
9. b3 Bg7 10. Bb2 Ba6 11. Qc2 O-O-O 12. g3 Kb8 13. e5 Ne8 14. Ng5 Rc8 15. e6
Bxb2 16. Qxb2 Ndf6 17. exf7 Ng7 18. Bh3 Rcf8 19. O-O-O h6 20. Ne6 Nxe6 21. Bxe6
Bc8 22. Nf3 Rh7 23. Nh4 Rg7 24. Qc2 g5 25. Ng6 Rfxf7 26. Bxf7 Rxf7 27. fxg5 hxg5
28. Rhf1 Rg7 29. Rde1 Qd8 30. h4 Nh5 31. Rf8 Qd7 32. Re6 Nxg3 33. hxg5 Rh7 34.
Nf4 Rh1+ 35. Kb2 Qc7 36. g6 1-0

[Event "e2e4 Dublin Easter Masters"]
[Site "Dublin IRL"]
[Date "2012.04.09"]
[Round "8"]
[White "Walton, Alan J"]
[Black "Djuric, Olgica"]
[Result "1/2-1/2"]
[WhiteTitle "CM"]
[WhiteElo "2159"]
[BlackElo "1851"]
[WhiteFideId "409898"]
[BlackFideId "943860"]
[EventDate "2012.04.05"]

1. d4 d5 2. c4 e6 3. Nc3 Nf6 4. cxd5 exd5 5. Bg5 Be7 6. e3 c6 7. Qc2 Bg4 8. Bd3
Nbd7 9. h3 Bh5 10. f4 Ne4 11. Bxe4 Bxg5 12. Bf5 Bh4+ 13. Kf1 Bg6 14. Nf3 O-O 15.
Bd3 Bxd3+ 16. Qxd3 Be7 17. Kf2 Re8 18. a3 a5 19. Rhf1 Nf6 20. Ne5 Nd7 21. Nxd7
Qxd7 22. Na4 Qe6 23. Rac1 Bh4+ 24. g3 Be7 25. Nc3 h6 1/2-1/2

[Event "e2e4 Dublin Easter Masters"]
[Site "Dublin IRL"]
[Date "2012.04.09"]
[Round "8"]
[White "Christiansen, Johan-Sebastian"]
[Black "Omtvedt, Per"]
[Result "1-0"]
[WhiteElo "1938"]
[BlackElo "2100"]
[WhiteFideId "1512668"]
[BlackFideId "1503235"]
[EventDate "2012.04.05"]

1. c4 c5 2. Nc3 g6 3. g3 Bg7 4. Bg2 Nc6 5. e4 d6 6. Nge2 e5 7. O-O Nge7 8. d3
O-O 9. h3 Be6 10. Nd5 Nd4 11. Nxd4 cxd4 12. Bd2 Qd7 13. Kh2 f5 14. f4 fxe4 15.
dxe4 Nxd5 16. cxd5 Bf7 17. fxe5 dxe5 18. Qb3 Kh8 19. Bb4 Rfe8 20. h4 Bg8 21.
Rac1 Bf8 22. Qa3 Be7 23. Bh3 Qd8 24. d6 Bf8 25. d7 Bxb4 26. dxe8=Q 1-0

[Event "e2e4 Dublin Easter Masters"]
[Site "Dublin IRL"]
[Date "2012.04.09"]
[Round "8"]
[White "Courtney, John"]
[Black "Goossens, Hanne"]
[Result "0-1"]
[WhiteElo "2132"]
[BlackElo "2032"]
[WhiteFideId "2502380"]
[BlackFideId "200468"]
[EventDate "2012.04.05"]

1. d4 Nf6 2. c4 g6 3. Nc3 d5 4. cxd5 Nxd5 5. Bd2 Nxc3 6. Bxc3 Qd5 7. f3 Bg7 8.
e4 Qd8 9. Qd2 O-O 10. Bc4 Nc6 11. Ne2 a6 12. a4 Bd7 13. h4 e5 14. d5 Ne7 15. h5
Nc8 16. hxg6 hxg6 17. Bb4 Nd6 18. Bb3 Rc8 19. g4 Qf6 20. Qe3 Rfe8 21. Rc1 Qd8
22. Kf2 Rf8 23. Rcg1 f6 24. Ng3 Kf7 25. Rh7 Rh8 26. Rxh8 Qxh8 27. Rh1 Qg8 28.
Bxd6 cxd6 29. Qb6 Ke7 30. Bd1 Rb8 31. b3 Qd8 32. Qe3 Qc7 33. f4 exf4 34. Qxf4
Qc5+ 35. Kg2 Rg8 36. g5 Qc3 37. Rh7 fxg5 38. Qxg5+ Qf6 39. Qe3 Rh8 40. Rxh8 Bxh8
41. Bf3 Qh4 42. Kf2 Be5 43. Bg2 Bg4 44. b4 Qf6+ 45. Ke1 Bc3+ 0-1

[Event "e2e4 Dublin Easter Masters"]
[Site "Dublin IRL"]
[Date "2012.04.09"]
[Round "8"]
[White "Hauge, Lars Oskar"]
[Black "Madynski, Pawel"]
[Result "1-0"]
[WhiteElo "2087"]
[BlackElo "2128"]
[WhiteFideId "1509276"]
[BlackFideId "1108751"]
[EventDate "2012.04.05"]

1. c4 d6 2. g3 f5 3. Bg2 g6 4. d4 Nf6 5. Nc3 Bg7 6. Nf3 O-O 7. O-O Nc6 8. d5 Na5
9. Qd3 e5 10. dxe6 Bxe6 11. b3 Ne4 12. Nxe4 fxe4 13. Qxe4 Re8 14. Bg5 Qd7 15.
Qh4 Bxa1 16. Rxa1 Nc6 17. Bf6 Rf8 18. Bb2 Ne5 19. Ng5 c6 20. Qd4 Bf5 21. f4 Qe7
22. fxe5 dxe5 23. Qxe5 Qxe5 24. Bxe5 Rfe8 25. Nf3 Bg4 26. Re1 Rad8 27. Bc3 Re3
28. Bb4 b6 29. Kf2 Rde8 30. Ng1 R3e6 31. Bf3 h5 32. c5 a5 33. Bd2 bxc5 34. Rc1
Re5 35. Bf4 Rf5 36. e4 Rf6 37. h4 a4 38. bxa4 Ra8 39. Bxg4 hxg4 40. Rc4 Rf7 41.
Ne2 Ra5 42. Ke3 Rb7 43. Bd6 Rb4 44. Rxb4 cxb4 45. Bxb4 Rxa4 46. a3 Ra6 47. Kf4
Kf7 48. Kxg4 Ke6 49. Kf4 Ra8 50. Nd4+ Kd7 51. e5 Rc8 52. Bc5 Ke8 53. e6 Rd8 54.
Ke4 Rd5 55. Bb4 Rh5 56. Nxc6 g5 57. Ne5 gxh4 58. Ng4 Rh8 59. Nf6+ Kd8 60. e7+
Kc8 61. gxh4 Rxh4+ 62. Kf5 1-0

[Event "e2e4 Dublin Easter Masters"]
[Site "Dublin IRL"]
[Date "2012.04.09"]
[Round "8"]
[White "Capitelli, Paolo"]
[Black "Morriss, Pete"]
[Result "1-0"]
[WhiteElo "2122"]
[BlackElo "2006"]
[WhiteFideId "809330"]
[BlackFideId "2500230"]
[EventDate "2012.04.05"]

1. e4 c6 2. d4 d5 3. exd5 cxd5 4. c4 Nf6 5. Nc3 e6 6. Nf3 Be7 7. Bd3 dxc4 8.
Bxc4 Nbd7 9. O-O O-O 10. h3 Qc7 11. Bb3 a6 12. Bg5 h6 13. Be3 Rd8 14. Qe2 Nb6
15. Rac1 Qb8 16. Ne5 Nbd5 17. Nxd5 Nxd5 18. Qf3 Bf6 19. Ng4 Bg5 20. Bxg5 hxg5
21. Rc5 Qd6 22. Rfc1 b6 23. Rc6 Qd7 24. Ne5 Qe8 25. Bxd5 Rxd5 26. Rc7 f6 27. Ng4
Bd7 28. Qc3 Rd8 29. Ne3 Rb5 30. a4 Ra5 31. b3 e5 32. d5 f5 33. d6 Be6 34. Re7
Qg6 35. Nc4 Rc5 36. Rc7 Bxc4 37. Rxc5 bxc5 38. Qxc4+ Kh7 39. Qxc5 Qxd6 40. Qxd6
Rxd6 41. Rc5 Re6 42. Kf1 Kg6 43. b4 Kf6 44. Ke2 Rb6 45. b5 axb5 46. axb5 Ke6 47.
Kd3 Rd6+ 48. Kc4 Rd2 49. b6 Rc2+ 50. Kb5 Rxf2 51. Kc6 Rb2 52. b7 Rxb7 53. Kxb7
e4 54. Kc6 e3 55. Rc2 Ke5 56. Kc5 Ke4 57. Kc4 f4 58. Re2 g4 59. hxg4 g5 60. Kc3
f3 61. gxf3+ Kxf3 62. Kd3 Kxg4 63. Kxe3 Kg3 64. Ra2 g4 65. Ra8 Kh2 66. Rh8+ Kg3
67. Rg8 1-0

[Event "e2e4 Dublin Easter Masters"]
[Site "Dublin IRL"]
[Date "2012.04.09"]
[Round "8"]
[White "Mihajlov, Svetoslav"]
[Black "Rawell, Jon Egil"]
[Result "1/2-1/2"]
[WhiteElo "2093"]
[BlackElo "2035"]
[WhiteFideId "1507168"]
[BlackFideId "1510223"]
[EventDate "2012.04.05"]

1. d4 Nf6 2. c4 c5 3. d5 d6 4. Nc3 e6 5. e4 g6 6. Bd3 Bg7 7. h3 a6 8. a4 O-O 9.
Nf3 Re8 10. O-O exd5 11. cxd5 Nbd7 12. Re1 Qc7 13. a5 c4 14. Bc2 b5 15. axb6
Nxb6 16. Be3 Nfd7 17. Nd4 Bb7 18. Qd2 Nc5 19. Ra3 Nbd7 20. f4 Nb6 21. Qf2 Rab8
22. Rd1 Nbd7 23. Qe2 Nb6 24. Qf2 Nbd7 25. Qe2 Nb6 26. Qd2 Nbd7 27. Nf3 Bxc3 28.
Rxc3 Nxe4 29. Bxe4 Rxe4 30. Ng5 Re7 31. Qd4 Rbe8 32. Rxc4 Qa5 33. Ra4 Qd8 34.
Bf2 h6 35. Rb4 Nc5 36. Nf3 Re4 37. Qc3 Rxb4 38. Qxb4 Re4 39. Qa3 Ra4 40. Qc3 Ne4
41. Qb3 Nxf2 42. Kxf2 Qd7 43. Nd4 Ra5 44. Nc6 Rb5 45. Qa3 Rc5 46. Qa4 Bxc6 47.
dxc6 Qxc6 48. Qxc6 Rxc6 49. Rd2 Kf8 50. Ke3 Ke7 51. Kd3 Ke6 52. g4 Rb6 53. Kc4
Rb5 54. Re2+ Kd7 55. b4 d5+ 56. Kc3 Kd6 57. Ra2 Rb6 58. Ra5 Kc6 59. Rc5+ Kd6 60.
Ra5 Rc6+ 61. Kd3 Ke6 62. Ra1 h5 63. f5+ Ke5 64. fxg6 fxg6 65. gxh5 gxh5 66. Rg1
Kf4 67. h4 Re6 68. Rg5 Re5 69. Rg6 Re4 70. Rg5 Rxb4 71. Rxh5 Kg3 72. Rxd5 Rxh4
73. Rf5 1/2-1/2